LEADER 00995nam--2200301---4500 001 990000657630203316 035 $a0065763 035 $aUSA010065763 035 $a(ALEPH)000065763USA01 035 $a0065763 100 $a20011001d1855----km-y0ENGy0103----ba 101 $aita 102 $aIT 200 1 $aIstoria civile e militare del Regno delle Due Sicilie sotto il governo di Ferdinando Ii dal 1830 al 1849$fMauro Musci 210 $aNapoli$ctip. Pasquale Androsio$d1855 215 $a2 tomi in 1 v.$d27 cm 410 $12001 700 1$aMUSCI,$bMauro$0548271 801 0$aIT$bsalbc$gISBD 912 $a990000657630203316 951 $aFV C 4 2 47$b2585$cFV C 4 2 959 $aBK 969 $aF.VENTIMIGLIA 979 $aPATTY$b90$c20011001$lUSA01$h1403 979 $c20020403$lUSA01$h1715 979 $aPATRY$b90$c20040406$lUSA01$h1645 996 $aIstoria civile e militare del Regno delle Due Sicilie sotto il governo di Ferdinando Ii dal 1830 al 1849$9960047 997 $aUNISA LEADER 00987nam0 22002651i 450 001 UON00318335 005 20231205104129.379 100 $a20081211d1957 |0itac50 ba 101 $aeng 102 $aUS 105 $a|||| 1|||| 200 1 $aRomania$fStephen Fischer-Galati, editor 205 $aNew York : Frederick A. Praeger$b1957 210 $aXV$d399 p. ; 23 cm 215 $aPublished for Mid-European Studies Center of the Free Europe Committee 606 $aRomania$xStudi generali$3UONC070048$2FI 620 $aUS$dNew York$3UONL000050 702 1$aFISCHER-GALATI$bStephen A.$3UONV020696 712 $aFrederick A. Praeger$3UONV246809$4650 801 $aIT$bSOL$c20250801$gRICA 899 $aSIBA - SISTEMA BIBLIOTECARIO DI ATENEO$2UONSI 912 $aUON00318335 950 $aSIBA - SISTEMA BIBLIOTECARIO DI ATENEO$dSI NAPOLITANO 1183 $eSI MR 56612 5 1183 996 $aRomania$9298891 997 $aUNIOR LEADER 04088nam 22007335 450 001 9910767586403321 005 20250807145549.0 010 $a981-9971-21-7 024 7 $a10.1007/978-981-99-7121-3 035 $a(MiAaPQ)EBC30984116 035 $a(Au-PeEL)EBL30984116 035 $a(OCoLC)1412002725 035 $a(CKB)29181434000041 035 $a(DE-He213)978-981-99-7121-3 035 $a(EXLCZ)9929181434000041 100 $a20231201d2024 u| 0 101 0 $aeng 135 $aurcnu|||||||| 181 $ctxt$2rdacontent 182 $cc$2rdamedia 183 $acr$2rdacarrier 200 10$aIndigenous Peoples and Constitutional Reform in Australia $eBeyond Mere Recognition /$fby Bede Harris 205 $a1st ed. 2024. 210 1$aSingapore :$cSpringer Nature Singapore :$cImprint: Springer,$d2024. 215 $a1 online resource (313 pages) 311 08$aPrint version: Harris, Bede Indigenous Peoples and Constitutional Reform in Australia Singapore : Springer,c2024 9789819971206 320 $aIncludes bibliographical references and index. 327 $a1. Terminology, values and identity -- 2. How we got here ? the reform debate from 2010-2015 -- 3. Sovereignty and the impact of colonisation -- 4. Treaty-making and its limitations -- 5. Self-determination and an Indigenous state -- 6. Legal pluralism -- 7. Rights, race and culture -- 8. The Voice to Parliament -- 9. Indigenous parliamentary representation -- 10.Summary of reforms and the way forward. 330 $aThis book examines whether Australia?s constitution should be reformed so as to enable the country to fulfil its obligations under the United Nations Declaration on the Rights of Indigenous Peoples, which it ratified in 2009. The book surveys the history of the constitutional status of Australia?s Indigenous peoples from the time of colonisation through to the current debate on ?Indigenous constitutional recognition?. However, it argues that the term ?Indigenous constitutional recognition', implying that mere acknowledgement of the existence of Indigenous peoples is sufficient to meet their legitimate expectations, misrepresents the nature of the project the country needs to engage in. The book argues that Australia should instead embark upon a reform programme directed towards substantive, and not merely symbolic, constitutional change. It argues that only by the inclusion in the constitution of enforceable constitutional rightscan the power imbalance between Indigenous Australians and the rest of society be addressed. Taking a comparative approach and drawing upon the experience of other jurisdictions, the book proposes a comprehensive constitutional reform programme, and includes the text of constitutional amendments designed to achieve the realisation of the rights of Australia?s Indigenous peoples. It ends with a call to improve the standard of civics education so as to overcome voter apprehension towards constitutional change. . 606 $aConstitutional law 606 $aPublic law 606 $aHuman rights 606 $aPolitical science 606 $aAustralasia 606 $aHistory 606 $aRace 606 $aConstitutional Law 606 $aPublic Law 606 $aHuman Rights 606 $aGovernance and Government 606 $aAustralian History 606 $aRace and Ethnicity Studies 615 0$aConstitutional law. 615 0$aPublic law. 615 0$aHuman rights. 615 0$aPolitical science. 615 0$aAustralasia. 615 0$aHistory. 615 0$aRace. 615 14$aConstitutional Law. 615 24$aPublic Law. 615 24$aHuman Rights. 615 24$aGovernance and Government. 615 24$aAustralian History. 615 24$aRace and Ethnicity Studies. 676 $a342.94 700 $aHarris$b Bede$0909266 801 0$bMiAaPQ 801 1$bMiAaPQ 801 2$bMiAaPQ 906 $aBOOK 912 $a9910767586403321 996 $aIndigenous Peoples and Constitutional Reform in Australia$93655854 997 $aUNINA